000
00325nam a2200133Ia 4500
008
151021s9999 xx 000 0 und d
020
_a
9966469745
050
_a
DT434.E27M35
245
_a
_Freedom and After
260
_a
Nairobi EAEP
300
_a
266p
650
_a
_Trade unions
980
_a
^d20110302 08:59:51^okorir
999
_c
6724
_d
6724